Ensayistas ingleses
Saved in:
| Main Authors: | , |
|---|---|
| Format: | Bog |
| Sprog: | spansk |
| Udgivet: |
Buenos Aires
W. M. Jackson
1948
|
| Serier: | Clásicos Jackson, 15
|
| Fag: | |
| Tags: |
Tilføj Tag
Ingen Tags, Vær først til at tagge denne postø!
|
MARC
| LEADER | 00000nam a2200000 a 4500 | ||
|---|---|---|---|
| 001 | UCQ4793 | ||
| 003 | CL-VaPUC | ||
| 008 | 980910e19480000AG |||||||||||||||||spa|d | ||
| 082 | 0 | 4 | |a 824.09 |b CAS |2 21 |
| 100 | 0 | |a Casares, Adolfo Bioy |e author |9 418978 | |
| 700 | 0 | |a Baeza, Ricardo |e author |9 418979 | |
| 245 | 1 | 0 | |a Ensayistas ingleses |
| 300 | |a 471 p | ||
| 942 | |c BK | ||
| 945 | |d 19980910 00:00:00 |a crobeson | ||
| 260 | |a Buenos Aires |b W. M. Jackson |c 1948 | ||
| 650 | 7 | |a ENSAYO INGLES |2 CL-VaPUC |9 418980 | |
| 650 | 0 | |a Literatura inglesa |9 312907 | |
| 650 | 0 | |a Historia y crítica |9 257407 | |
| 583 | |a last modification |c 19980910 00:00:00 |k Rodrigo Vera | ||
| 490 | 0 | |a Clásicos Jackson, 15 | |
| 999 | |c 275095 |d 275093 | ||
| 952 | |0 0 |1 0 |4 0 |6 824_090000000000000_CAS_1948 |7 0 |8 A |9 311638 |a BIBEDU |b BIBEDU |d 2019-11-20 |i 1465570 |l 1 |o 824.09 CAS 1948 |p 1465570 |r 2022-08-29 |s 2022-08-17 |w 2019-11-20 |y BK |k LIT | ||